Alea, dívka moře. V zajetí přísahy /
Další díl plný dobrodružství, výjimečného přátelství a tajemství ukrytého v hlubinách moře.
Uloženo v:
| Série: | Alea, dívka moře,
část 7 |
|---|---|
| Hlavní autor: | |
| Další autoři: | |
| Médium: | E-kniha |
| Jazyk: | Czech |
| Vydáno: |
V Praze :
Fragment,
2022
|
| Vydání: | 1. vydání |
| Témata: | |
| Příbuzné jednotky: | Z cyklu::
Alea, dívka moře |
| Tagy: |
Žádné tagy |
| LEADER | 02807nam a2200529 i 4500 | ||
|---|---|---|---|
| 001 | 311582 | ||
| 003 | CZ PrSKC | ||
| 005 | 20260601215708.0 | ||
| 007 | ta | ||
| 008 | 220608s2022 xr a c 000 f cze | ||
| 015 | |a cnb003427339 | ||
| 020 | |a 9788025358429 |q (vázáno) : |c Kč 449,00 | ||
| 035 | |a (OCoLC)1335742960 | ||
| 040 | |a ABG001 |b cze |e rda | ||
| 041 | 1 | |a cze |h ger | |
| 072 | 7 | |a 821.112.2-3 |x Německá próza, německy psaná |2 Konspekt | |
| 072 | 7 | |a 821-93 |x Literatura pro děti a mládež (beletrie) |2 Konspekt | |
| 080 | |a 821.112.2-31 |2 MRF | ||
| 080 | |a 821-93 |2 MRF | ||
| 080 | |a (0:82-311.3) |2 MRF | ||
| 100 | 1 | |a Stewner, Tanya, |d 1974- |7 mzk2014804936 |4 aut | |
| 240 | 1 | 0 | |a Im Bannkreis des Schwurs. |l Česky |
| 245 | 1 | 0 | |a Alea, dívka moře. |p V zajetí přísahy / |c Tanya Stewnerová ; z německého originálu Alea Aquarius - Im Bannkreis des Schwurs ... přeložila Lucie Simonová |
| 246 | 3 | 0 | |a V zajetí přísahy |
| 250 | |a 1. vydání | ||
| 264 | 1 | |a V Praze : |b Fragment, |c 2022 | |
| 300 | |a 447 stran : |b ilustrace ; |c 22 cm | ||
| 336 | |a text |b txt |2 rdacontent | ||
| 337 | |a bez média |b n |2 rdamedia | ||
| 338 | |a svazek |b nc |2 rdacarrier | ||
| 520 | 2 | |a Další díl plný dobrodružství, výjimečného přátelství a tajemství ukrytého v hlubinách moře. |b Posádka Alfa cru se rozhodla nastražit past na doktora Oriona. Sammy, Ben a Tess vyplouvají do Říma, zatímco Alea a Lennox se vydávají po souši ke skále Loreley, u které se podle legendy nachází vstup do světa mrtvých. Doufají, že tam najdou Aleino dvojče Antheu. Pokud by se s ní skutečně setkali, mohlo by se jim podařit obnovit Aleiny schopnosti mořské dívky. Co když ale doktor Orion jejich plány prohlédne a vymyslí svou vlastní ďábelskou lest? Nakladatelská anotace. | |
| 521 | 8 | |a Pro čtenáře od 10 let | |
| 655 | 7 | |a německé romány |7 fd132945 |2 czenas | |
| 655 | 7 | |a dobrodružné romány |7 fd132061 |2 czenas | |
| 655 | 7 | |a publikace pro děti |7 fd133156 |2 czenas | |
| 655 | 9 | |a German fiction |2 eczenas | |
| 655 | 9 | |a adventure novels |2 eczenas | |
| 655 | 9 | |a children's literature |2 eczenas | |
| 700 | 1 | |a Simonová, Lucie |7 ola2004235537 |4 trl | |
| 765 | 1 | |t Alea Aquarius | |
| 787 | 0 | 8 | |i Z cyklu: |t Alea, dívka moře |g 7 |
| 900 | |a ABA001 |b 20 | ||
| 928 | 9 | |a Albatros Media - Fragment | |
| 044 | |a xr | ||
| 910 | |a RBIT002 | ||
| 998 | |d 353369 |a https://core.palmknihy.cz/api/books/353369/cover?si6ek2 |b https://core.palmknihy.cz/api/books/353369/cover/400?si6ek2 |c https://core.palmknihy.cz/api/books/353369/cover/50?si6ek2 |e 2026-09-06 |g 448 |i 9788025358429 |j https://core.palmknihy.cz/api/books/353369/preview.epub |k https://core.palmknihy.cz/api/books/353369/preview.pdf |l |q 49 |r 1 |s https://www.palmknihy.cz/kniha/353369 |t ebook |y 2022 |z 0 |v Alea, dívka moře |w 7 | ||
| 999 | |d 311580 | ||